Asian Countries - Sudden Death - Statistics

General Stats
  • This quiz has been taken 647 times
  • The average score is 15 of 17
Answers on the Grid
Answers color-coded by a green-red scale on the quiz's grid according to % correct below.
China
Azerbaijan
Guyana
Armenia
Angola
Malaysia
Spain
Mongolia
Tonga
East Timor
Kazakhstan
Mali
Taiman
Turkey
Algeria
Albania
Bangladesh
Iran
Israel
Nepal
Bengulu
Japan
Bhutan
Benin
Guam
Yemen
Musaram
United Arab Emirates
Ecuador
Katan
Mughal
Myanmar
 
Answer Stats
Answer % Correct
China
99%
Malaysia
95%
Azerbaijan
92%
Mongolia
92%
Kazakhstan
90%
Bangladesh
89%
East Timor
87%
Iran
87%
Nepal
87%
Japan
86%
Turkey
85%
Armenia
84%
Bhutan
83%
Israel
83%
Yemen
83%
Myanmar
82%
United Arab Emirates
81%
No matching quizzes found
Score Distribution
Percent of People with Each Score
Percentile by Number Answered
Your Score History
You have not taken this quiz